Normal view
MARC view
- Gillani, Justice (R) Manzoor Husain
Entry Personal Name
001 - CONTROL NUMBER
- control field: 105681
003 - CONTROL NUMBER IDENTIFIER
- control field: NUST
005 - DATE AND TIME OF LATEST TRANSACTION
- control field: 20221222125445.0
008 - FIXED-LENGTH DATA ELEMENTS
- fixed length control field: 221222|| aca||aabn | a|a d
040 ## - CATALOGING SOURCE
- Original cataloging agency: NUST
- Transcribing agency: NUST
100 ## - HEADING--PERSONAL NAME
- Personal name: Gillani, Justice (R) Manzoor Husain
670 ## - SOURCE DATA FOUND
- Source citation: Work cat.: (NUST): Gillani, Justice (R) Manzoor Husain , Mizan-e-Zeest (میزان زیست) /, 2017
